| 000 | 00000nam 2200000za 4500 |
| 001 | 9.850055 |
| 003 | CaOODSP |
| 005 | 20250825140506 |
| 007 | cr ||||||||||| |
| 008 | 180115s2018 onc o f000 0 eng d |
| 020 | |a9780660245416|z9780660245423 |
| 040 | |aCaOODSP|beng |
| 043 | |an-cn--- |
| 086 | 1 |aNR16-197/2018E-PDF |
| 110 | 2 |aNational Research Council Canada. |
| 245 | 10|aCHO expression platform (L-11266 / 11992 / 12273 / 12671) |h[electronic resource]. |
| 260 | |a[Ottawa] : |bNational Research Council Canada, |c2018. |
| 300 | |a[1] p. |
| 500 | |aIssued also in French under title: Plateforme d’expression CHO (L-11266 / 11992 / 12273 / 12671). |
| 500 | |aCaption title. |
| 500 | |a"January 2018." |
| 530 | |aIssued also in print format. |
| 693 | 4|aRecombinant proteins |
| 693 | 4|aImmunotechnology |
| 775 | 08|tPlateforme d’expression CHO (L-11266 / 11992 / 12273 / 12671) |w(CaOODSP)9.850057 |
| 776 | 0#|tCHO expression platform (L-11266 / 11992 / 12273 / 12671) |w(CaOODSP)9.850056 |
| 794 | |tCHO expression platform : |w(CaOODSP)9.954444 |
| 856 | 40|qPDF|s91 KB|uhttps://publications.gc.ca/collections/collection_2018/cnrc-nrc/NR16-197-2018-eng.pdf |